I giochi più scaricati di sempre su Android - Statistics

Statistiche generali
  • Questo quiz è stato fatto 118 volte
  • Il punteggio medio è 6 su 25
Statistiche sulle risposte
CLASSIFICA GIOCO % Corretto
7 clash of clans
72%
2 Candy crush saga/candy crush
71%
20 clash royale
71%
1 Subway/Subway surfers
67%
10 temple run
44%
5 temple run/temple run 2
44%
14 fruit ninja
39%
4 Pou
38%
12 angry birds
37%
18 pokemon go
33%
24 zombie tsunami
22%
25 plants vs zombie/plant vs zombie
15%
16 slither.io
12%
3 My talking Tom
11%
6 hill climb racing
10%
9 my talking Angela
8%
15 piano tiles 2/piano tiles/magic tiles 2/magic tiles
8%
17 candy crush soda saga/candy crush soda
7%
13 garena free fire/garena free/garena
5%
22 helix jump
4%
11 minion rush
4%
23 sniper 3d gun shooter/sniper
4%
8 8 bash pool/bash pool
3%
21 dr. driving/dr driving
3%
19 talking tom cat
3%
Nessun quiz corrispondente trovato
Distribuzione punteggi
Percentuale di utenti per punteggio
Percentile per numero di risposta
I tuoi punteggi nel tempo
Non hai fatto questo quiz